000 00447cam a22001934a 4500
005 20250605164302.0
008 250528s ||||||||||||||||||||||||d
035 _a22120
020 _a9781118071793
040 _aGR-AtMCL
_bgre
_dGR-AtMCL
_eAACR2
245 1 _aHOUSEKEEPING MANAGEMENT
250 _a2
260 _bWiley,
_c2012
300 _a264
700 1 _aCasado Matt A
_93914
942 _cBK
999 _c7176
_d7176